000 00943cam a22002777a 4500
003 CHAP
005 20220817041854.0
008 971013s1967 r 00010 d
010 _a27186
011 _a28158
035 _a32260
040 _cCHAP
082 _a333.72
_bI57
110 _aInstituto Mexicano de Recursos Naturales Renovables
_959259
245 0 _aMesas redondas sobre educación y propaganda en la conservación
260 _aMéxico, D.F. :
_bInstituto Mexicano de Recursos Naturales Renovables,
_c1967
300 _a209 p.
_b: ilus. ; láms
590 _aBATCH-UPD
_b10
_c20130110
_lUCH01
_h1949
590 _aBATCH-UPD
_b10
_c20130410
_lUCH01
_h1311
590 _aBATCH-UPD
_b10
_c20130914
_lUCH01
_h1956
590 _aCONVERSION
_b10
_c20130109
_lUCH01
_h1316
650 1 4 _aRecursos naturales
_xConservación.
901 _aBK
942 _cLIBRO
949 _a333.72 I57
_bBC
_cLIBRO
_d33724000344321
_eLIBRO
_h11650
_i32260
_mD
_si
999 _c27186
_d27186